Movies with Countries in their Title - Statistics

General Stats
  • This quiz has been taken 46 times
  • The average score is 9 of 12
Answer Stats
Movie Plot description Answer % Correct
Good Morning, _______ US Army radio host stationed in Southeast Asia infuriates his superior officers, but is hugely popular with fellow soldiers. Vietnam
100%
From ______ with Love James Bond is sent to the USSR to retrieve a Soviet defector and a secret cryptography device. Russia
91%
Hotel ______ The harrowing true story of hotelier Paul Rusesabagina's experience of an infamous 1994 genocide. Rwanda
84%
The Prince of _____ Animated retelling of the Biblical story of Moses. Egypt
77%
__________ Animated animals break out of a New York zoo and find themselves in the titular African country. Madagascar
77%
The _____ Syndrome TV news reporter and her cameraman reveal secret safety violations and coverups at a nuclear power plant outside Los Angeles. China
75%
The Boys from ______ A group of Nazi hunters uncover a secret plot to clone Hitler by Auschwitz doctor Josef Mengele, who has escaped to South America. Brazil
61%
Borat: Cultural Learnings of America for Make Benefit Glorious Nation of __________ Mockumentary spoof in which fictional journalist Borat Sagdiyev travels across America to understand US culture and capture Pamela Anderson. Kazakhstan
61%
Once Upon a Time in ______ El Mariachi is recruited by a CIA agent and tasked with assassinating a corrupt and murderous general. Mexico
59%
________ English noblewoman accompanies a cattle drover across the wilderness to Darwin. Australia
57%
The Tailor of ______ John le Carré adaptation in which an ex-con tailor is recruited by MI6 to spy on the military junta in a Latin American country. Panama
57%
Salmon Fishing in the _____ Romantic comedy in which a fisheries expert is sent to introduce fly fishing to a Middle Eastern country. Yemen
57%
No matching quizzes found
Score Distribution
Percent of People with Each Score
Percentile by Number Answered
Your Score History
You have not taken this quiz